| 000 | 00446cam a2200181ua 4500 | ||
|---|---|---|---|
| 020 | _c2.00 | ||
| 041 |
_aeng _h |
||
| 082 |
_a891.43 _bLAK/DH |
||
| 100 | _aLakshmi, Narainlal . | ||
| 245 |
_aDharti ki ankhen / _cNarainlal Lakshmi. _hTextual Documents |
||
| 260 |
_a : _bHindi prakad buvas prakad limited , _c1962. |
||
| 300 | _a136 ; . | ||
| 365 | _a2.00 | ||
| 504 | _a | ||
| 942 | _cBK | ||
| 999 |
_c3402 _d3402 |
||